000 00720 a2200229 4500
003 MN-UlNLM
005 20230309141709.0
008 a130s1974 mp ||||| |||| 00|mond
040 _aМонгол Улсын Үндэсний номын сан
041 _amon
084 _bУ 315
_210-t
_q80
_a413Орос
245 0 _aУлсын нэр томъёоны комиссын мэдээ
260 1 _aУБ
_bШУАХ
_c1974
300 _a324х
490 _aАмьтны нэр томьёо
_v№ 96-97
500 _aБНМАУ-ын шинжлэх ухааны хүрээлэн
546 _aMongolia
_aRussia
_aBUS
_aChina
653 _aХэл шинжлэл
856 _aprintbook
942 _cBK
999 _c59979
_d59979